<?xml version="1.0" encoding="UTF-8"?>
<collection xmlns="http://www.loc.gov/MARC21/slim">
<record>
  <controlfield tag="001">163653</controlfield>
  <controlfield tag="005">20251028143426.0</controlfield>
  <datafield tag="024" ind1="8" ind2=" ">
    <subfield code="2">innovaciondocente</subfield>
    <subfield code="a">5536</subfield>
  </datafield>
  <datafield tag="037" ind1=" " ind2=" ">
    <subfield code="a">INNODOC-2024-5536</subfield>
  </datafield>
  <datafield tag="041" ind1=" " ind2=" ">
    <subfield code="a">spa</subfield>
  </datafield>
  <datafield tag="100" ind1=" " ind2=" ">
    <subfield code="0">(orcid)0000-0003-4180-3371</subfield>
    <subfield code="a">Escario Jover, Inés Concepción</subfield>
    <subfield code="e">coord.</subfield>
  </datafield>
  <datafield tag="245" ind1=" " ind2=" ">
    <subfield code="a">Desarrollo de programas de mentoría para profesorado novel en Unizar</subfield>
  </datafield>
  <datafield tag="260" ind1=" " ind2=" ">
    <subfield code="a">Zaragoza</subfield>
    <subfield code="b">Universidad de Zaragoza</subfield>
    <subfield code="c">2024</subfield>
  </datafield>
  <datafield tag="520" ind1="3" ind2=" ">
    <subfield code="a">Se propone la reflexión sobre las posibilidades de generar programas de mentorización para la docencia del profesorado novel en la Universidad de Zaragoza, y en concreto las necesidades de formación de los futuros mentores. El resultado esperado sería el diseño de un curso de formación que pueda ofrecerse a través del CIFICE. Además, se incluiría una experiencia piloto en la que se pusiera en práctica dicho curso.</subfield>
  </datafield>
  <datafield tag="700" ind1=" " ind2=" ">
    <subfield code="0">(orcid)0000-0001-6520-4272</subfield>
    <subfield code="a">Pardos Martínez, Eva María</subfield>
  </datafield>
  <datafield tag="700" ind1=" " ind2=" ">
    <subfield code="0">(orcid)0000-0003-4958-7239</subfield>
    <subfield code="a">Paricio Royo, Javier</subfield>
  </datafield>
  <datafield tag="700" ind1=" " ind2=" ">
    <subfield code="0">(orcid)0000-0003-3895-5534</subfield>
    <subfield code="a">Herrando Rodrigo, María Isabel</subfield>
  </datafield>
  <datafield tag="856" ind1="4" ind2=" ">
    <subfield code="s">92904</subfield>
    <subfield code="u">http://zaguan.unizar.es/record/163653/files/memoria_PIPOUZ_2024_5536.pdf</subfield>
    <subfield code="y">Memoria del proyecto</subfield>
  </datafield>
  <datafield tag="970" ind1=" " ind2=" ">
    <subfield code="a">INNODOC-2024-5536</subfield>
  </datafield>
  <datafield tag="980" ind1=" " ind2=" ">
    <subfield code="a">INNODOC</subfield>
    <subfield code="b">PIPOUZ</subfield>
  </datafield>
</record>
</collection>